La Corrupción en la colonia: Pizarro, el primer corrupto de la historia peruana /
Gespeichert in:
| 1. Verfasser: | |
|---|---|
| Format: | Text |
| Schlagworte: | |
| Tags: |
Tag hinzufügen
Keine Tags, Fügen Sie den ersten Tag hinzu!
|
MARC
| LEADER | 00000 a a2200000 04500 | ||
|---|---|---|---|
| 001 | 18199 | ||
| 003 | |||
| 040 | |||
| 100 | |a Tantaleán Arbulú, Javier | ||
| 245 | |a La Corrupción en la colonia: |b Pizarro, el primer corrupto de la historia peruana / |c Javier Tantaleán Arbulú | ||
| 650 | |a CORRUPCION | ||
| 650 | |a HISTORIA SOCIAL | ||
| 650 | |a PERU | ||
| 773 | |g número 100; páginas 121-142 | ||
| 999 | |c 25853 |d 25853 | ||
